So this is democracy? : (Record no. 140429)

MARC details
000 -LEADER
fixed length control field 00972nam a2200241 a 4500
008 - FIXED-LENGTH DATA ELEMENTS--GENERAL INFORMATION
fixed length control field
049 ## - LOCAL HOLDINGS (OCLC)
Holding library MAIN
090 ## - LOCALLY ASSIGNED LC-TYPE CALL NUMBER (OCLC); LOCAL CALL NUMBER (RLIN)
Classification number (OCLC) (R) ; Classification number, CALL (RLIN) (NR) P95.82
Local cutter number (OCLC) ; Book number/undivided call number, CALL (RLIN) SOT
003 - CONTROL NUMBER IDENTIFIER
control field
005 - DATE AND TIME OF LATEST TRANSACTION
control field 20230123125356.0
040 ## - CATALOGING SOURCE
Transcribing agency NUST
245 00 - TITLE STATEMENT
Title So this is democracy? :
Remainder of title report on the State of the media in southern Africa, 2005 /
Statement of responsibility, etc. Media Institute of Southern Africa.
246 3# - VARYING FORM OF TITLE
Title proper/short title Report on the State of the media in southern Africa, 2005.
260 ## - PUBLICATION, DISTRIBUTION, ETC.
Place of publication, distribution, etc. Windhoek, Namibia :
Name of publisher, distributor, etc. Media Institute of Southern Africa,
Date of publication, distribution, etc. c2006.
300 ## - PHYSICAL DESCRIPTION
Extent 320 p. :
Other physical details ill., map. ;
Dimensions 21 cm.
530 ## - ADDITIONAL PHYSICAL FORM AVAILABLE NOTE
Additional physical form available note Also available on the Internet.
650 #0 - SUBJECT ADDED ENTRY--TOPICAL TERM
Topical term or geographic name entry element Mass media
General subdivision Politucal aspects
Geographic subdivision Africa, Southern
Form subdivision Chronology.
650 #0 - SUBJECT ADDED ENTRY--TOPICAL TERM
Topical term or geographic name entry element Freedom of the press
Geographic subdivision Africa, Southern
Form subdivision Chronology.
651 #0 - SUBJECT ADDED ENTRY--GEOGRAPHIC NAME
Geographic name Africa, Southern
General subdivision Politics and government
Chronological subdivision 1994-
Form subdivision Chronology.
710 2# - ADDED ENTRY--CORPORATE NAME
Corporate name or jurisdiction name as entry element Media Institute of Southern Africa.
907 ## - LOCAL DATA ELEMENT G, LDG (RLIN)
a .b10305683
b 24-09-15
c 19-01-12
942 ## - ADDED ENTRY ELEMENTS (KOHA)
Koha item type Ordinary Loan Books
Call number prefix P95.82
Call number suffix SOT
Holdings
Date last seen Total Checkouts Full call number Barcode Cost, replacement price Price effective from Koha item type Lost status Source of classification or shelving scheme Damaged status Not for loan Collection Withdrawn status Home library Current library Shelving location Date acquired Cost, normal purchase price
01/23/2023 26 P95.82 MED 92004022162 80.00 01/23/2023 BOOKS   LCC     NFIC   MAIN MAIN GEN 01/23/2023 80.00